01145nam a2200193Ia 4500001001100000003001000011008004100021040002500062041001300087100002900100245005300129250001100182260009200193300001200285500026000297501011400557520026000671650002000931L253-27906IT-CnALBA170116s9999||||xx |||||||||||||| ||und|| aIT-CnALBAcIT-CnALBA aITALIANO aAMORTH D. GABRIELE, SSP. 0aDIETRO UN SORRISO: ALESSANDRINA MARIA DA COSTA.  a1a ed. aCINISELLO BALSAMO (MI)bEDIZIONI PAOLINEc1992 [1° Ed.:1992 - Ed.Ling.Originale: 1992] a139 p.  aBALASAR E LA SUA CROCE. ALESSANDRINA, ORFANA. ANNI SERENI. SALTO NEL VUOTO. SOFFERENZA, AMORE, RIPARAZIONE. ASSALTO DI SATANA. ESTASI E PASSIONE. INDAGINI MEDICHE. CONSACRAZIONE DEL MONDO A MARIA. VITA DI SOLA EUCARISTIA. MARTIRIO FINALE. POST MORTEM. SCR aSocietà San Paolo EM - Piazza San Paolo, 14 - 12051 ALBA (CN) (non commercial uses only) ® Copyright 2017 aBALASAR E LA SUA CROCE. ALESSANDRINA, ORFANA. ANNI SERENI. SALTO NEL VUOTO. SOFFERENZA, AMORE, RIPARAZIONE. ASSALTO DI SATANA. ESTASI E PASSIONE. INDAGINI MEDICHE. CONSACRAZIONE DEL MONDO A MARIA. VITA DI SOLA EUCARISTIA. MARTIRIO FINALE. POST MORTEM. SCR aMODELLI DI VITA